阪急電鉄の駅(五十音順) - Statistics

General Stats
  • This quiz has been taken 32 times
  • The average score is 64 of 88
Answer Stats
頭文字 路線 駅名 % Correct
嵐山線 嵐山
100%
伊丹線 伊丹
100%
今津線 今津
100%
神戸線/宝塚線/京都線 大阪梅田
96%
神戸線/神戸高速線 神戸三宮
96%
宝塚線/今津線 宝塚
96%
箕面線 箕面
96%
京都線/千里線 淡路
92%
宝塚線/箕面線 石橋阪大前
92%
京都線/嵐山線
92%
神戸線/宝塚線/京都線 十三
92%
神戸線/伊丹線 塚口
92%
神戸線/今津線 西宮北口
92%
宝塚線 池田
88%
京都線 茨木市
88%
神戸線 岡本
88%
甲陽線 甲陽園
88%
神戸線/宝塚線 中津
88%
京都線 烏丸
83%
千里線 北千里
83%
京都線 京都河原町
83%
神戸線/甲陽線 夙川
83%
京都線 高槻市
83%
宝塚線 雲雀丘花屋敷
83%
千里線 南千里
83%
神戸線 芦屋川
79%
京都線 大宮
79%
神戸線 神崎川
79%
神戸線 園田
79%
今津線 宝塚南口
79%
今津線 小林
75%
神戸線 春日野道
75%
宝塚線 川西能勢口
75%
京都線 西院
75%
京都線 正雀
75%
千里線 吹田
75%
宝塚線 豊中
75%
京都線 長岡天神
75%
今津線 仁川
75%
京都線 西向日
75%
神戸高速線 花隈
75%
京都線 水無瀬
75%
神戸線 六甲
75%
神戸線 王子公園
71%
京都線 大山崎
71%
京都線 上新庄
71%
千里線 関大前
71%
甲陽線 苦楽園口
71%
今津線 甲東園
71%
今津線 逆瀬川
71%
千里線 下新庄
71%
伊丹線 新伊丹
71%
今津線 阪神国道
71%
京都線 東向日
71%
宝塚線 蛍池
71%
京都線 南方
71%
神戸線 武庫之荘
71%
千里線 山田
71%
京都線 摂津市
67%
神戸線 御影
67%
宝塚線 売布神社
67%
京都線 相川
63%
伊丹線 稲野
63%
宝塚線 清荒神
63%
箕面線 桜井
63%
京都線 総持寺
63%
千里線 天神橋筋六丁目
63%
京都線 西京極
63%
宝塚線 服部天神
63%
嵐山線 松尾大社
63%
京都線 南茨木
63%
今津線 門戸厄神
63%
京都線 上牧
58%
宝塚線 庄内
58%
京都線 崇禅寺
58%
京都線 西山天王山
58%
箕面線 牧落
58%
宝塚線 山本
58%
千里線 柴島
54%
宝塚線 曽根
54%
京都線 富田
54%
宝塚線 中山観音
54%
宝塚線 三国
54%
京都線 洛西口
54%
宝塚線 岡町
50%
嵐山線 上桂
50%
千里線 千里山
50%
千里線 豊津
46%
No matching quizzes found
Score Distribution
Percent of People with Each Score
Percentile by Number Answered
Your Score History
You have not taken this quiz